La llegada de los hugonotes a Florida (parte II) (Registro nro. 71406)
[ vista simple ]
| 000 -LÍDER | |
|---|---|
| Campo fijo de descripción fija | 01026aab a2200217 i 4500 |
| 001 - NÚMERO DE CONTROL | |
| Campo de control | 768714001 |
| 003 - IDENTIFICADOR DEL NÚMERO DE CONTROL | |
| Campo de control | CO-MdFUSB |
| 005 - FECHA Y HORA DE LA ULTIMA TRANSACCIÓN | |
| control field | 20250726123102.0 |
| 008 - ELEMENTOS DE LONGITUD FIJA -- INFORMACIÓN GENERAL | |
| Campo fijo de descripción fija -- Información general | 240326t1992 ag ||||| |||| 00| 0 spa d |
| 040 ## - FUENTE DE CATALOGACIÓN | |
| Idioma de catalogación | spa |
| Agencia que realiza la transcripción | CO-MdFUSB |
| 041 ## - CÓDIGO DE IDIOMA | |
| Código de idioma para texto/pista de sonido o título separado | spa |
| 100 1# - ASIENTO PRINCIPAL--NOMBRE PERSONAL | |
| Nombre personal | Rooy, Sidney |
| Término relacionador | autor |
| 245 13 - TÍTULO | |
| Título | La llegada de los hugonotes a Florida (parte II) |
| Mención de responsabilidad | / Sidney Rooy |
| 300 ## - DESCRIPCIÓN FÍSICA | |
| Extensión | Volumen 11, número 4 (octubre - diciembre, 1992), páginas: 31 - 33 |
| Dimensiones | ; 27 cm |
| 520 ## - NOTA DE RESUMEN, ETC. | |
| Nota de sumario, etc. | Tras la tormenta, otro grupo de náufragos franceses, liderado por Jean Ribault, fue capturado por Menéndez en condiciones precarias. A pesar de que Ribault ofreció dinero y pidió clemencia, Menéndez rechazó cualquier trato. Los prisioneros fueron atados y ejecutados por ser protestantes, repitiendo así la masacre del primer grupo. |
| 653 ## - TÉRMINO DE INDIZACIÓN - NO CONTROLADO | |
| Término no controlado | Hugonote |
| 653 ## - TÉRMINO DE INDIZACIÓN - NO CONTROLADO | |
| Término no controlado | Mártires |
| 773 0# - ASIENTO DE ITEM FUENTE | |
| Título | Iglesia y Misión |
| Biblionumber | 49402 |
| Itemnumber | 59656 |
| Parte(s) relacionada(s) / Volumen., número. (mes año), páginas | Volumen 11, número 4 (octubre - diciembre, 1992), páginas: 31 - 33 |
| Enumeración y primera página | páginas: 31 |
| 942 ## - TIPO DE MATERIAL (KOHA) | |
| Tipo de Item KOHA | Artículos de Revista |
| 945 ## - INFORMACIÓN LOCAL DEL REGISTRO | |
| Catalogador | JTF-925 |
No hay ítems disponibles.
